Munkavállalói juttatások biztosításmatematikai értékelése és számvitele

Bibliográfiai részletek
Szerző: Szalkai-Szabó Máté
További közreműködők: Madarasiné Dr. Szirmai Andrea
Dokumentumtípus: Diplomadolgozat
Kulcsszavak:Nemzetközi Számviteli Standardok (IAS)
Matematika
Nyugdíj
Online Access:http://dolgozattar.uni-bge.hu/17299

MARC

LEADER 00000nta a2200000 i 4500
001 dolg17299
005 20180517101502.0
008 180517suuuu hu om 000 hun d
040 |a BGE Dolgozattár Repozitórium  |b hun 
041 |a hu 
100 1 |a Szalkai-Szabó Máté 
245 1 0 |a Munkavállalói juttatások biztosításmatematikai értékelése és számvitele  |c Szalkai-Szabó Máté  |h [elektronikus dokumentum] 
695 |a Nemzetközi Számviteli Standardok (IAS) 
695 |a Matematika 
695 |a Nyugdíj 
700 1 |a Madarasiné Dr. Szirmai Andrea  |e ths 
856 4 0 |u http://dolgozattar.uni-bge.hu/17299/1/Szakdolgozat_SzalkaiSzabo_Mate.pdf  |z Dokumentum-elérés